Grant's civil war
Tallennettuna:
| Päätekijä: | |
|---|---|
| Aineistotyyppi: | Kirja |
| Kieli: | espanja |
| Julkaistu: |
Nueva York
Collier Books
1962
|
| Sarja: | The Collier Books Civil War Classics
|
| Aiheet: | |
| Tagit: |
Lisää tagi
Ei tageja, Lisää ensimmäinen tagi!
|
MARC
| LEADER | 00000nam a2200000 a 4500 | ||
|---|---|---|---|
| 001 | UCO1143 | ||
| 003 | CL-VaPUC | ||
| 008 | 000512e19620000US |||||||||||||||||spa|d | ||
| 082 | 0 | 4 | |a 973.73 |b MIE |2 21 |
| 100 | |a Miers, Earl Schenck |e autor |9 442997 | ||
| 245 | 1 | 0 | |a Grant's civil war |
| 300 | |a 450 p | ||
| 942 | |c BK | ||
| 945 | |d 20000512 00:00:00 |a crobeson | ||
| 260 | |a Nueva York |b Collier Books |c 1962 | ||
| 650 | 7 | |a HISTORIA ESTADOUNIDENSE |2 CL-VaPUC |9 350346 | |
| 650 | 0 | |a Guerra civil |9 320243 | |
| 650 | 0 | |a Operaciones militares |9 372045 | |
| 651 | 0 | |a Estados Unidos |9 255178 | |
| 583 | |a last modification |c 20000512 00:00:00 |k Rodrigo Vera | ||
| 490 | 0 | |a The Collier Books Civil War Classics | |
| 999 | |c 287772 |d 287770 | ||
| 952 | |0 0 |1 0 |4 0 |6 973_730000000000000_MIE_1962 |7 0 |8 A |9 334808 |a BIBHIS |b BIBHIS |d 2019-11-20 |i 1274066 |o 973.73 MIE 1962 |p 1274066 |r 2025-01-20 |w 2019-11-20 |y BK |k HIS | ||